• 首页
  • 本馆介绍
  • 公告通知
  • 最新文献
  • 馆藏检索
  • 电子资源
  • 读者导购
  • 参考咨询
  • 我的图书馆
  • 登录
  • 详细信息显示
  • 放入我的书架
  • 预约/预借图书
  • 作者相关作品
  • 分类相关作品
  • 丛书相关作品
  • 出版社相关作品

书目信息

  • 表格格式
  • 工作单格式
  • 卡片格式
题名:
货币制度理论
    
 
作者: 怀特 ;李扬 译
分册:  
出版信息: 北京   中国人民大学出版社  2004
页数: 257
开本: 23cm
丛书名: 金融学前沿译丛
单 册:
中图分类: F820.2
科图分类:
主题词: 货币
电子资源:
ISBN: 7-300-05292-4
000 00619nam0 2200217 450
001 0760515518
005 20070817164835.51
010    @a7-300-05292-4@d¥32.00
100    @a20070817d km y0chiy0120 ea
101 0  @achi
200 1  @a货币制度理论@Ahuo bi zhi du li lun@f(美)怀特@F(mei)huai te@g李扬等译@Gli yang deng yi
210    @a北京@c中国人民大学出版社@d2004
215    @a257@d23cm
225 2  @a金融学前沿译丛
410  0 @12001 @a金融学前沿译丛
606 0  @a货币
690    @aF820.2@v3
701  0 @a怀特@Ahuai te
702  0 @a李扬@Ali yang@4译
801  0 @aCN@bPFT@c20070817
905    @a213230@dF820.2@eg14@f1
    
    货币制度理论/(美)怀特/李扬等译.-北京:中国人民大学出版社,2004
    257;23cm.-(金融学前沿译丛)
    
    
    ISBN 7-300-05292-4:¥32.00
    
●
相关链接 在E读中查询图书 在五车中查询图书 在当当中查询图书 在豆瓣中查询图书


正题名:货币制度理论     索取号:F820.2/g14         预约/预借

序号 登录号 条形码 馆藏地/架位号 状态 备注
1 6502429   265024298   密集书库-海洋学院/ [索取号:F820.2/g14] 在馆    
唐山师范学院图书馆 欢迎您!
大连网信软件有限公司© 版权所有